Lyrics Raf Camora, Ufo361 Paradies - Statistiken

Allgemein
  • Dieses Quiz wurde 34 mal gespielt
  • Das Durchschnittsergebnis liegt bei 201 aus 335
Antwortstatistiken
Antwort % Korrekt
Paradies
100%
Ja
97%
ja
97%
fühl
93%
Ich
93%
ich
93%
als
90%
mich
90%
war
90%
das
87%
so
87%
hier
83%
wäre
80%
wir
77%
ein
73%
wie
73%
sie
70%
Sie
70%
Bin
67%
bin
67%
in
67%
ne
67%
zu
67%
der
63%
weil
63%
an
60%
auf
60%
Auf
60%
haten
60%
im
60%
Im
60%
Schmetterling
60%
besser
57%
Dicka
57%
High
57%
high
57%
Mein
57%
mein
57%
stoned
57%
uns
57%
wieder
57%
fliege
53%
Stay
53%
die
50%
Engel
50%
klingen
50%
meine
50%
nie
50%
sind
50%
Und
50%
all
47%
All
47%
alles
47%
einem
47%
ist
47%
Metallica
47%
mir
47%
nein
47%
Part
47%
rum
47%
Schießerei
47%
Schulter
47%
spielt
47%
Teufel
47%
Ufo
47%
Vielleicht
47%
Wo
47%
Atme
43%
brauch
43%
einen
43%
für
43%
gib
43%
Ihr
43%
Lean
43%
Namika
43%
nicht
43%
Rauch
43%
Schatten
43%
schlaf
43%
sich
43%
verwickel
43%
verzeihen
43%
wach
43%
weiß
43%
Werde
43%
anthrazit
40%
denk
40%
doch
40%
euch
40%
färbt
40%
kostbar
40%
Leben
40%
lila
40%
Lobster
40%
machen
40%
meinen
40%
schreibt
40%
Tourbus
40%
Zukunft
40%
eines
37%
einmal
37%
Hand
37%
Independent
37%
keinen
37%
Mama
37%
mit
37%
rein
37%
sieht
37%
Taube
37%
wird
37%
Bescheid
33%
dabei
33%
Gottes
33%
Lass
33%
Palast
33%
Rabe
33%
Schwarzer
33%
wisst
33%
du
30%
Freund
30%
Geb
30%
Majordeal
30%
ob
30%
RAF
30%
Rockstars
30%
Vakuum
30%
waren
30%
Weiße
30%
Ah
27%
Blunt
27%
frag
27%
Führ
27%
immer
27%
Jaja
27%
nachts
27%
noch
27%
roll
27%
Studio
27%
kenne
23%
solo
23%
Ziel
23%
bei
20%
Datum
20%
geh
20%
Kam
20%
kannst
20%
was
20%
weder
20%
Eden
17%
Fünfhaus
17%
Garten
17%
nehmen
17%
Saturn
17%
Stadt
17%
Union
17%
Vienna
17%
VVS
17%
also
13%
oh
13%
sagten
10%
Schlangen
10%
warnten
7%
Keine übereinstimmenden Quizze gefunden
Verteilung der Resultate
Anzahl Personen mit jedem Resultat
Perzentil nach korrekt beantworteten Fragen
Ihre Resultats-Entwicklung
Sie haben dieses Quiz noch nicht gespielt